| Tag |
First Indicator |
Second Indicator |
Subfields |
| LEADER |
00000cam a2200000 4500 |
| 001 |
in00000021680 |
| 005 |
20151007063706.0 |
| 008 |
770225s1902 enkh b 00010beng |
| 010 |
|
|
|a 03007854
|
| 035 |
|
|
|a (OCoLC)02762357
|
| 035 |
|
|
|9 AAD8013AM
|
| 040 |
|
|
|a DLC
|c TOL
|d TXA
|d UtOrBLW
|
| 049 |
|
|
|a TXAM
|c 1
|v 1 [169369]
|v 2 [169370]
|v 3 [169371]
|c 2
|v 1 [367398]
|v 2 [367399]
|
| 050 |
|
0 |
|a PR2300
|b .A2 1902
|
| 092 |
|
|
|a 823
|b L985
|
| 100 |
1 |
|
|a Lyly, John,
|d 1554?-1606.
|
| 245 |
1 |
4 |
|a The complete works of John Lyly :
|b now for the first time collected and edited from the earliest quartos, with life, bibliography, essays, notes, and index /
|c by R. Warwick Bond ...
|
| 264 |
|
1 |
|a Oxford :
|b The Clarendon press,
|c 1902.
|
| 300 |
|
|
|a 3 volumes :
|b frontispiece (volumes 2-3: facsimiles) ;
|c 23 cm.
|
| 336 |
|
|
|a text
|b txt
|2 rdacontent
|
| 337 |
|
|
|a unmediated
|b n
|2 rdamedia
|
| 338 |
|
|
|a volume
|b nc
|2 rdacarrier
|
| 500 |
|
|
|a With reproductions of original title-pages.
|
| 505 |
0 |
|
|a I. Life of John Lyly. Euphues. Discussion of the text and bibliography. List of editions. Titles, etc. Essay on Euphues and Euphuism. Biographical appendix. Entertainments. A funeral oration. Notes.--II. Euphues and his England. The plays. Notes.--III. The plays. Anti-Martinist work, etc. Poems. Notes. Glossary.
|
| 600 |
1 |
0 |
|a Lyly, John,
|d 1554?-1606
|x Bibliography.
|
| 700 |
1 |
|
|a Bond, R. Warwick
|q (Richard Warwick),
|d 1857-1943.
|
| 999 |
|
|
|a MARS
|
| 999 |
f |
f |
|s a5f3573b-8051-391b-8e90-8591ede83735
|i afe06cc1-ad12-3827-ae0f-457b48b2555f
|t 0
|
| 952 |
f |
f |
|p ric
|a Texas A&M University
|b Rellis Campus
|c Joint Library Facility
|d Remote Storage
|t 0
|e PR2300 .A2 1902
|h Library of Congress classification
|i unmediated -- volume
|k v.3
|m A14801323995
|
| 952 |
f |
f |
|p normal
|a Texas A&M University
|b College Station
|c Sterling C. Evans Library
|d Evans: Library Stacks
|t 0
|e PR2300 .A2 1902
|h Library of Congress classification
|i unmediated -- volume
|k v.1
|m A14801323979
|
| 952 |
f |
f |
|p ric
|a Texas A&M University
|b Rellis Campus
|c Joint Library Facility
|d Remote Storage
|t 0
|e PR2300 .A2 1902
|h Library of Congress classification
|i unmediated -- volume
|k v.1
|m A14801324006
|
| 952 |
f |
f |
|p ric
|a Texas A&M University
|b Rellis Campus
|c Joint Library Facility
|d Remote Storage
|t 0
|e PR2300 .A2 1902
|h Library of Congress classification
|i unmediated -- volume
|k v.2
|m A14801324014
|
| 952 |
f |
f |
|p normal
|a Texas A&M University
|b College Station
|c Sterling C. Evans Library
|d Evans: Library Stacks
|t 0
|e PR2300 .A2 1902
|h Library of Congress classification
|i unmediated -- volume
|k v.2
|m A14801323987
|
| 998 |
f |
f |
|a PR2300 .A2 1902
|s v.1-3
|t 0
|l Remote Storage
|
| 998 |
f |
f |
|a PR2300 .A2 1902
|s v.1-2
|t 0
|l Evans: Library Stacks
|